| 000 | 01957nam a22001817a 4500 | ||
|---|---|---|---|
| 003 | NUST | ||
| 005 | 20240925104255.0 | ||
| 082 | _a621.382,SAQ | ||
| 100 |
_aSaqib, Muhammad Abdullah _9126069 |
||
| 245 |
_aFull Duplex Communication System on ADALM PLUTO / _cCapt Muhammad Abdullah Saqib, Capt Akbar Hussain, Capt Samad Ateeq. |
||
| 260 |
_aMCS, NUST _bRawalpindi _c2024 |
||
| 300 | _a59 p | ||
| 505 | _aThe integration of cost-effective equipment, such as the analog devices ADALM PLUTO platform, with sophisticated simulation tools like Simulink, presents a groundbreaking opportunity within the realm of analog and digital communications. This project delves into the practical aspects and potential applications of full-duplex communication systems, leveraging the functionalities offered by the ADALM PLUTO platform and Simulink. The project's focal points include the reception of signals, the design of a Double-Sideband Suppressed Carrier (DSBSC) Modulated Signal, the creation of a Quadrature Amplitude Modulation (QAM) transceiver, and the transmission of images using QAM. Through a comprehensive approach encompassing theoretical exploration, simulation-based analysis, and hands-on experimentation, the project seeks to showcase the effectiveness of full-duplex communication in enhancing spectral efficiency and data throughput. The literature review highlights the existing research concerning the ADALM PLUTO, Simulink and other modulation techniques for Self-interference cancellation and its educational implementation. The research objective is a direct bridge between the advancement of knowledge and practical applications which lead to a full duplex communication system. This will ultimately help in developing and progressing the wireless technology, thus promoting and fostering innovation. | ||
| 650 |
_aUG EE Project _9118090 |
||
| 651 |
_aBEE-57 _9125983 |
||
| 700 |
_aSupervisor Dr. Hussain Ali _9118095 |
||
| 942 |
_2ddc _cPR |
||
| 999 |
_c611792 _d611792 |
||